जरी बूटियों की खेती (Record no. 48377)

MARC details
000 -LEADER
fixed length control field 00412nam a22001577a 4500
003 - CONTROL NUMBER IDENTIFIER
control field OSt
008 - FIXED-LENGTH DATA ELEMENTS--GENERAL INFORMATION
fixed length control field 250707b |||||||| |||| 00| 0 eng d
020 ## - INTERNATIONAL STANDARD BOOK NUMBER
International Standard Book Number 8171640141
082 ## - DEWEY DECIMAL CLASSIFICATION NUMBER
Classification number 633.88
Item number C45J
100 ## - MAIN ENTRY--PERSONAL NAME
Personal name Dr. Virendra Chandra
245 ## - TITLE STATEMENT
Title जरी बूटियों की खेती
260 ## - PUBLICATION, DISTRIBUTION, ETC. (IMPRINT)
Place of publication, distribution, etc New Delhi
Name of publisher, distributor, etc ICAR
Date of publication, distribution, etc 2020
300 ## - PHYSICAL DESCRIPTION
Extent xii,263p
700 ## - ADDED ENTRY--PERSONAL NAME
Personal name Dr. Mukul Chand Panday
942 ## - ADDED ENTRY ELEMENTS (KOHA)
Source of classification or shelving scheme
Koha item type Hindi Books
Holdings
Withdrawn status Lost status Source of classification or shelving scheme Damaged status Not for loan Home library Current library Date acquired Source of acquisition Total Checkouts Full call number Barcode Date last seen Bill Date Koha item type
          Dr. Rajendra Prasad Central Agricultural University Pusa, Dr. Rajendra Prasad Central Agricultural University Pusa, 07/07/2025 ICAR, New Delhi   633.88 C45J 84024 07/07/2025 07/07/2025 Hindi Books
          Dr. Rajendra Prasad Central Agricultural University Pusa, Dr. Rajendra Prasad Central Agricultural University Pusa, 07/07/2025 ICAR, New Delhi   633.88 C45J 84025 07/07/2025 07/07/2025 Hindi Books
Hosted, Implemented, Customized & Maintained by: BestBookBuddies

Powered by Koha